[Event "NB2 Toth Laszlo csoport"]
[Site "Kiskunfelegyhaza"]
[Date "2024.12.01"]
[Round "3.9"]
[White "Major, Peter"]
[Black "Hideg, Ferenc Bendeguz"]
[Result "0-1"]
[WhiteElo "1677"]
[BlackElo "1870"]
[PlyCount "80"]
[GameId "2119489771408926"]
[EventDate "2024.11.03"]
[EventType "team-tourn"]
[EventRounds "9"]
[EventCountry "HUN"]
[Source "chess.hu"]
[WhiteTeam "Gyulai SE"]
[BlackTeam "Felegyhaza-Csongrad"]
[WhiteTeamCountry "HUN"]
[BlackTeamCountry "HUN"]

1. e4 e6 2. d4 d5 3. Nc3 Nf6 4. e5 Nfd7 5. f4 c5 6. Nf3 Nc6 7. Be3 cxd4 8. Nxd4 Bc5 9. Qd2 a6 10. Be2 Nxd4 11. Bxd4 Bxd4 12. Qxd4 b5 13. a4 bxa4 14. Rxa4 Rb8 15. b3 Qb6 16. Qxb6 Rxb6 17. Bd3 Nc5 18. Rd4 Nxd3+ 19. Rxd3 Bd7 20. Kd2 Kd8 21. Ra1 Kc8 22. Ra5 Kb7 23. Ne4 Bb5 24. Nd6+ Rxd6 25. Rxb5+ axb5 26. exd6 Rd8 27. c4 Rxd6 28. c5 Ra6 29. Kc3 Ra2 30. Rg3 g6 31. Kd4 Re2 32. Kd3 Re4 33. Re3 Rxe3+ 34. Kxe3 b4 35. Kd4 Kc6 36. g4 h5 37. h3 hxg4 38. hxg4 f6 39. g5 fxg5 40. fxg5 Kb5 0-1

[Event "NB2 Toth Laszlo csoport"]
[Site "Kiskunfelegyhaza"]
[Date "2024.12.01"]
[Round "3.10"]
[White "Huszar, Adam Janos"]
[Black "Adamicska, Daniel"]
[Result "1-0"]
[WhiteElo "1936"]
[BlackElo "1651"]
[PlyCount "103"]
[GameId "2119489806990906"]
[EventDate "2024.11.03"]
[EventType "team-tourn"]
[EventRounds "9"]
[EventCountry "HUN"]
[Source "chess.hu"]
[WhiteTeam "Felegyhaza-Csongrad"]
[BlackTeam "Gyulai SE"]
[WhiteTeamCountry "HUN"]
[BlackTeamCountry "HUN"]

1. e4 c5 2. c3 d5 3. exd5 Qxd5 4. d4 Nf6 5. Nf3 Bg4 6. Be2 cxd4 7. cxd4 e6 8. Nc3 Bb4 9. O-O Bxc3 10. bxc3 Nc6 11. Ba3 Qa5 12. Qb3 Qb6 13. Qc2 Qc7 14. Rab1 Bf5 15. Bd3 Bxd3 16. Qxd3 Nd5 17. c4 Nde7 18. d5 Ne5 19. Nxe5 Qxe5 20. Rxb7 Ng6 21. dxe6 Qxe6 22. Rfb1 Rc8 23. Rb8 Ne7 24. Rxc8+ Qxc8 25. Qd6 O-O 26. Qxe7 Re8 27. Qc5 Qe6 28. h3 h6 29. Qd5 Qf6 30. Rd1 Re2 31. Qd8+ Qxd8 32. Rxd8+ Kh7 33. Ra8 Rxa2 34. Rxa7 Kg6 35. Ra6+ Kf5 36. Ra7 f6 37. Bc5 Rc2 38. Rxg7 Rxc4 39. Be3 h5 40. Rh7 h4 41. Rg7 Ra4 42. Kh2 Rc4 43. Rg4 Rxg4 44. hxg4+ Kxg4 45. f3+ Kh5 46. Kh3 Kg6 47. Kxh4 f5 48. f4 Kh6 49. g4 Kg6 50. gxf5+ Kxf5 51. Kh5 Kf6 52. Kg4 1-0

[Event "NB2 Toth Laszlo csoport"]
[Site "Kiskunfelegyhaza"]
[Date "2024.12.01"]
[Round "3.11"]
[White "Balogh, Eszter"]
[Black "Csak, Zoltan Barnabas"]
[Result "1/2-1/2"]
[WhiteElo "1527"]
[BlackElo "1731"]
[PlyCount "96"]
[GameId "2119489847189078"]
[EventDate "2024.11.03"]
[EventType "team-tourn"]
[EventRounds "9"]
[EventCountry "HUN"]
[Source "chess.hu"]
[WhiteTeam "Gyulai SE"]
[BlackTeam "Felegyhaza-Csongrad"]
[WhiteTeamCountry "HUN"]
[BlackTeamCountry "HUN"]

1. b3 d5 2. Bb2 c5 3. e3 e6 4. Nf3 Nf6 5. d3 Bd6 6. Be2 O-O 7. O-O Nbd7 8. Nbd2 Qc7 9. h3 e5 10. Ne1 d4 11. exd4 exd4 12. c3 dxc3 13. Bxc3 Nd5 14. Bb2 Be5 15. d4 cxd4 16. Ndf3 N7f6 17. Nxe5 Qxe5 18. Nf3 Qe7 19. Re1 Qb4 20. Qxd4 Qxd4 21. Nxd4 a6 22. Bf3 Nf4 23. Rad1 Rb8 24. Ne2 Nxe2+ 25. Rxe2 Nd7 26. Rc2 Nb6 27. Bd4 Bf5 28. Rc7 Nd7 29. Rxb7 Rbd8 30. Ra7 h6 31. Re1 Nb8 32. Bb6 Rd2 33. a4 Rb2 34. Bd5 Bc2 35. Re3 Bf5 36. Rf3 Bg6 37. Bc4 Nc6 38. Rxa6 Ne5 39. Re3 Nxc4 40. bxc4 Bf5 41. Rc3 Bc8 42. Bc5 Bxa6 43. Bxf8 Kxf8 44. c5 Rb4 45. c6 Rxa4 46. c7 Ke7 47. c8=Q Bxc8 48. Rxc8 Rb4 1/2-1/2

[Event "NB2 Toth Laszlo csoport"]
[Site "Kecskemet"]
[Date "2024.12.01"]
[Round "3.1"]
[White "Nadj Hedjesi, Balind"]
[Black "Varasdy, Imre"]
[Result "1-0"]
[WhiteElo "2221"]
[BlackElo "2196"]
[PlyCount "103"]
[GameId "2119694397366610"]
[EventDate "2024.11.03"]
[EventType "team-tourn"]
[EventRounds "9"]
[EventCountry "HUN"]
[Source "chess.hu"]
[WhiteTeam "Morahalom"]
[BlackTeam "Neumann J. Egyetem"]
[WhiteTeamCountry "HUN"]
[BlackTeamCountry "HUN"]

1. Nf3 g6 2. g3 Bg7 3. Bg2 d6 4. d4 e5 5. Bg5 f6 6. Be3 Ne7 7. O-O c6 8. dxe5 dxe5 9. Qc1 Nd7 10. Rd1 Qc7 11. Bh6 O-O 12. Bxg7 Kxg7 13. c4 b6 14. Nc3 a5 15. Ne4 Ba6 16. b3 Rad8 17. Bh3 h6 18. Qc3 f5 19. Rxd7 Qxd7 20. Qxe5+ Kf7 21. Re1 c5 22. Qf6+ Kg8 23. Qxb6 Qc6 24. Qxc6 Nxc6 25. Nxc5 Bc8 26. Bg2 Rfe8 27. Kf1 Nb4 28. a4 g5 29. Nd3 Kg7 30. Nxb4 axb4 31. e3 Bb7 32. Ke2 Be4 33. Rc1 Rd3 34. Rb1 Rxe3+ 35. fxe3 Bxb1 36. Nd2 Bc2 37. Bd5 Re7 38. Kf3 Bd1+ 39. Kf2 Bc2 40. Kf3 Bd1+ 41. Kf2 Bc2 42. Nf3 Bxb3 43. Nd4 Bxa4 44. Nxf5+ Kf6 45. Nxe7 Kxe7 46. Ke2 Kd6 47. Kd3 Kc5 48. Bf7 Bd1 49. e4 Bg4 50. e5 Bh3 51. Kc2 Bg2 52. e6 1-0

[Event "NB2 Toth Laszlo csoport"]
[Site "Kecskemet"]
[Date "2024.12.01"]
[Round "3.2"]
[White "Czegledi, Zsolt"]
[Black "Tancik, Kristijan"]
[Result "1/2-1/2"]
[WhiteElo "2153"]
[BlackElo "2185"]
[PlyCount "45"]
[GameId "2119694432481634"]
[EventDate "2024.11.03"]
[EventType "team-tourn"]
[EventRounds "9"]
[EventCountry "HUN"]
[Source "chess.hu"]
[WhiteTeam "Neumann J. Egyetem"]
[BlackTeam "Morahalom"]
[WhiteTeamCountry "HUN"]
[BlackTeamCountry "HUN"]

1. d4 Nf6 2. Bg5 Ne4 3. Bf4 d5 4. Nd2 c5 5. Nxe4 dxe4 6. dxc5 Qa5+ 7. c3 Qxc5 8. Qa4+ Nc6 9. Qxe4 Bf5 10. Qf3 e6 11. e4 Bg6 12. b4 Qb6 13. Bd3 Be7 14. Ne2 Bf6 15. Rc1 Ne5 16. Bxe5 Bxe5 17. O-O O-O 18. Rc2 Rfd8 19. a3 Rd7 20. Nc1 Rc8 21. Ne2 Rcd8 22. Nc1 Rc8 23. Ne2 1/2-1/2

[Event "NB2 Toth Laszlo csoport"]
[Site "Kecskemet"]
[Date "2024.12.01"]
[Round "3.3"]
[White "Sirotanovic, Obrad"]
[Black "Csvila, Gabor"]
[Result "0-1"]
[WhiteElo "2152"]
[BlackElo "2125"]
[PlyCount "96"]
[GameId "2119694464196978"]
[EventDate "2024.11.03"]
[EventType "team-tourn"]
[EventRounds "9"]
[EventCountry "HUN"]
[Source "chess.hu"]
[WhiteTeam "Morahalom"]
[BlackTeam "Neumann J. Egyetem"]
[WhiteTeamCountry "HUN"]
[BlackTeamCountry "HUN"]

1. d4 Nf6 2. c4 g6 3. Nc3 Bg7 4. e4 d6 5. f4 O-O 6. Nf3 c5 7. d5 b5 8. cxb5 a6 9. bxa6 Bxa6 10. Bxa6 Nxa6 11. O-O Qb6 12. e5 Ne8 13. Qe2 Nec7 14. f5 Nb4 15. f6 exf6 16. exf6 Bxf6 17. Bh6 Bg7 18. Bxg7 Kxg7 19. Ng5 Rae8 20. Qf3 f6 21. Ne6+ Nxe6 22. dxe6 Rxe6 23. a3 Nc2 24. Rac1 Nd4 25. Qf2 Qb7 26. Kh1 f5 27. b4 Rfe8 28. b5 Ne2 29. Nxe2 Rxe2 30. Qf3 Qxb5 31. Qg3 Qc6 32. Rxf5 Qxg2+ 33. Qxg2 Rxg2 34. Kxg2 gxf5 35. Kf3 Kf6 36. Rd1 Rd8 37. a4 Ke5 38. Re1+ Kd5 39. Re7 Ra8 40. Rxh7 Rxa4 41. h4 c4 42. h5 c3 43. Rc7 Rh4 44. Kg3 Rg4+ 45. Kf3 Kd4 46. h6 Rh4 47. h7 d5 48. Kg3 Rh5 0-1

[Event "NB2 Toth Laszlo csoport"]
[Site "Kecskemet"]
[Date "2024.12.01"]
[Round "3.4"]
[White "Abel, Lajos"]
[Black "Skenderovic, Nikola"]
[Result "1/2-1/2"]
[WhiteElo "2178"]
[BlackElo "2193"]
[PlyCount "46"]
[GameId "2119694508716428"]
[EventDate "2024.11.03"]
[EventType "team-tourn"]
[EventRounds "9"]
[EventCountry "HUN"]
[Source "chess.hu"]
[WhiteTeam "Neumann J. Egyetem"]
[BlackTeam "Morahalom"]
[WhiteTeamCountry "HUN"]
[BlackTeamCountry "HUN"]

1. d4 d6 2. Nf3 Nf6 3. Bf4 g6 4. h3 Bg7 5. e3 O-O 6. Be2 Nfd7 7. O-O e5 8. Bh2 f5 9. c4 Nc6 10. Nc3 g5 11. dxe5 dxe5 12. Qd5+ Kh8 13. Rfd1 Qe7 14. Qd2 Nc5 15. Nd5 Qd8 16. Qc2 g4 17. Ne1 g3 18. fxg3 Qg5 19. h4 Qh6 20. Nf3 Ne4 21. Bd3 Nc5 22. Bf1 Ne4 23. Bd3 Nc5 1/2-1/2

[Event "NB2 Toth Laszlo csoport"]
[Site "Kecskemet"]
[Date "2024.12.01"]
[Round "3.5"]
[White "Solymosi, Andras"]
[Black "Szekeres, Janos"]
[Result "1-0"]
[WhiteElo "2176"]
[BlackElo "2026"]
[PlyCount "93"]
[GameId "2119694541873564"]
[EventDate "2024.11.03"]
[EventType "team-tourn"]
[EventRounds "9"]
[EventCountry "HUN"]
[Source "chess.hu"]
[WhiteTeam "Morahalom"]
[BlackTeam "Neumann J. Egyetem"]
[WhiteTeamCountry "HUN"]
[BlackTeamCountry "HUN"]

1. Nf3 c5 2. g3 Nc6 3. d4 cxd4 4. Nxd4 g6 5. c4 Bg7 6. Nc2 Qb6 7. Nc3 Bxc3+ 8. bxc3 Qa5 9. Qd2 b6 10. Bg2 Bb7 11. O-O Rc8 12. Nb4 Nd8 13. Rd1 d6 14. Bd5 Nf6 15. Qd4 Ne6 16. Qh4 Qa4 17. Bh6 Nxd5 18. cxd5 Nf8 19. Rd4 Qd7 20. Re4 Rg8 21. c4 e5 22. dxe6 fxe6 23. Nd5 Bxd5 24. cxd5 Rc5 25. Bxf8 Kxf8 26. dxe6 Qe7 27. Qh6+ Ke8 28. Rc1 g5 29. Rxc5 bxc5 30. Qh5+ Rg6 31. Qg4 Kd8 32. Qf5 Kc7 33. Qd5 Kb8 34. Re3 a6 35. g4 Ka7 36. h3 h6 37. Qf5 Rg8 38. Qe4 Rf8 39. Qc6 Rb8 40. Kh2 Rb6 41. Qd5 Rb8 42. Rf3 Rf8 43. Rxf8 Qxf8 44. Qf5 Qh8 45. e7 Kb6 46. Qf8 Qe5+ 47. Kg1 1-0

[Event "NB2 Toth Laszlo csoport"]
[Site "Kecskemet"]
[Date "2024.12.01"]
[Round "3.6"]
[White "Lehocz, Jozsef"]
[Black "Korponai, Akos"]
[Result "1-0"]
[WhiteElo "1993"]
[BlackElo "2076"]
[PlyCount "97"]
[GameId "2119694585188791"]
[EventDate "2024.11.03"]
[EventType "team-tourn"]
[EventRounds "9"]
[EventCountry "HUN"]
[Source "chess.hu"]
[WhiteTeam "Neumann J. Egyetem"]
[BlackTeam "Morahalom"]
[WhiteTeamCountry "HUN"]
[BlackTeamCountry "HUN"]

1. d4 Nf6 2. Nc3 d5 3. Bf4 e6 4. e3 Be7 5. Nf3 O-O 6. Ne5 a6 7. Qf3 c5 8. g4 Nc6 9. O-O-O Nd7 10. Qg3 Ncxe5 11. Bxe5 Nxe5 12. dxe5 b5 13. Bg2 Bb7 14. f4 b4 15. Ne2 Qc7 16. f5 Rfe8 17. Rhf1 Rad8 18. Qf4 f6 19. exf6 e5 20. Qg3 gxf6 21. g5 Kh8 22. g6 c4 23. Qh4 Bc5 24. Rf3 Qg7 25. Rh3 Re7 26. Rg1 h6 27. Qxh6+ Qxh6 28. Rxh6+ Kg8 29. Rh3 Bc8 30. Rf1 a5 31. Rg3 Ba6 32. c3 bxc3 33. Nxc3 Red7 34. h4 Kg7 35. h5 Rh8 36. h6+ Rxh6 37. Bxd5 e4 38. Bxe4 Re7 39. Re1 Rh2 40. Bd5 Bb7 41. Bxb7 Rxb7 42. Re2 Rh1+ 43. Kc2 Rf1 44. Rh3 Re7 45. Nd5 Rxf5 46. Nxe7 Bxe7 47. Rh7+ Kf8 48. Rf7+ Ke8 49. Rh2 1-0

[Event "NB2 Toth Laszlo csoport"]
[Site "Kecskemet"]
[Date "2024.12.01"]
[Round "3.7"]
[White "Nagy, Aleksz M"]
[Black "Andriska, Zsolt"]
[Result "1-0"]
[WhiteElo "2063"]
[BlackElo "2024"]
[PlyCount "137"]
[GameId "2119694622167495"]
[EventDate "2024.11.03"]
[EventType "team-tourn"]
[EventRounds "9"]
[EventCountry "HUN"]
[Source "chess.hu"]
[WhiteTeam "Morahalom"]
[BlackTeam "Neumann J. Egyetem"]
[WhiteTeamCountry "HUN"]
[BlackTeamCountry "HUN"]

1. e4 d5 2. exd5 Qxd5 3. Nc3 Qd8 4. d4 Nf6 5. Nf3 Bg4 6. Bc4 e6 7. h3 Bh5 8. g4 Bg6 9. Ne5 Bb4 10. Nxg6 hxg6 11. a3 Bxc3+ 12. bxc3 c6 13. Qf3 Nbd7 14. Bd2 Qe7 15. O-O Nd5 16. Rfe1 N7b6 17. Bf1 Qf6 18. Qe4 g5 19. Qe5 Nd7 20. Qxf6 gxf6 21. c4 Ne7 22. Rab1 b6 23. a4 c5 24. Bg2 Rd8 25. d5 e5 26. a5 Nc8 27. Bf1 Ke7 28. Kg2 Kd6 29. Bd3 Ne7 30. axb6 axb6 31. Ra1 Ra8 32. Bc3 Kc7 33. Kg3 Kd6 34. Reb1 Ng6 35. Rxa8 Rxa8 36. Bf5 Nf4 37. Bd2 Ra3+ 38. Be3 Ne2+ 39. Kg2 Nc3 40. Rb3 Rxb3 41. cxb3 Ne2 42. Bc2 Nd4 43. Bd1 Nb8 44. Kf1 Na6 45. Ke1 Nb4 46. Kd2 Na6 47. Kd3 Nb4+ 48. Kc3 Na6 49. Kd3 Nb4+ 50. Ke4 f5+ 51. gxf5 f6 52. f4 gxf4 53. Bxd4 cxd4 54. h4 Ke7 55. h5 Kf8 56. h6 d3 57. d6 d2 58. d7 Nc6 59. Kd5 Nd8 60. h7 Kg7 61. b4 Kxh7 62. c5 bxc5 63. bxc5 e4 64. Kxe4 Kg7 65. Kd5 Kf8 66. Kd6 Nf7+ 67. Ke6 Nd8+ 68. Kxf6 Nf7 69. c6 1-0

[Event "NB2 Toth Laszlo csoport"]
[Site "Kecskemet"]
[Date "2024.12.01"]
[Round "3.8"]
[White "Csala, Imre"]
[Black "Molnar Gabor, Roland"]
[Result "0-1"]
[WhiteElo "2011"]
[BlackElo "2056"]
[PlyCount "110"]
[GameId "2119694661407191"]
[EventDate "2024.11.03"]
[EventType "team-tourn"]
[EventRounds "9"]
[EventCountry "HUN"]
[Source "chess.hu"]
[WhiteTeam "Neumann J. Egyetem"]
[BlackTeam "Morahalom"]
[WhiteTeamCountry "HUN"]
[BlackTeamCountry "HUN"]

1. c4 e6 2. g3 d5 3. Bg2 Nf6 4. Nf3 Be7 5. O-O O-O 6. cxd5 exd5 7. d3 c6 8. h3 Re8 9. a3 Qb6 10. b3 Bd6 11. Bb2 Bxg3 12. Bd4 c5 13. fxg3 cxd4 14. Nbd2 a5 15. g4 Qe6 16. Rf2 Nc6 17. Nf1 Qd6 18. Nh4 Ra6 19. Qd2 Rb6 20. Qb2 h5 21. g5 Nh7 22. Nf3 Qf4 23. Qd2 Qd6 24. Qb2 Qg6 25. h4 Qf5 26. Nxd4 Qe5 27. e3 Nxd4 28. exd4 Qd6 29. Rc1 Nf8 30. Rc5 Be6 31. Rxa5 Ng6 32. Rc5 Nxh4 33. b4 Nxg2 34. Kxg2 Qd8 35. Qc1 Bg4 36. Qf4 f5 37. Ne3 Rg6 38. Nxd5 Rxg5 39. Kh2 Rg6 40. Qg3 Bf3 41. Rc8 Rxg3 42. Rxd8 Rxd8 43. Ne7+ Kf7 44. Kxg3 Kxe7 45. Kxf3 Ra8 46. Ra2 b5 47. Re2+ Kf6 48. Re5 Rxa3 49. Ke3 h4 50. Rxb5 h3 51. Rb8 g5 52. Rh8 g4 53. d5 Ke5 54. Re8+ Kxd5 55. Kf4 Ra1 0-1

[Event "NB2 Toth Laszlo csoport"]
[Site "Kecskemet"]
[Date "2024.12.01"]
[Round "3.9"]
[White "Rankov, Boris"]
[Black "Kovacs, Gabor"]
[Result "0-1"]
[WhiteElo "2012"]
[BlackElo "1986"]
[PlyCount "54"]
[GameId "2119694700401127"]
[EventDate "2024.11.03"]
[EventType "team-tourn"]
[EventRounds "9"]
[EventCountry "HUN"]
[Source "chess.hu"]
[WhiteTeam "Morahalom"]
[BlackTeam "Neumann J. Egyetem"]
[WhiteTeamCountry "HUN"]
[BlackTeamCountry "HUN"]

1. e4 c5 2. Nf3 e6 3. d4 cxd4 4. Nxd4 a6 5. Nc3 Qc7 6. Be3 Bb4 7. Qd2 Nf6 8. f3 d5 9. Bd3 e5 10. Nde2 d4 11. Nxd4 exd4 12. Bxd4 Nbd7 13. Qg5 Qd6 14. Bf2 O-O 15. O-O-O Qe5 16. Qd2 Qa5 17. Bc4 Ne5 18. Bb3 Be6 19. Bxe6 fxe6 20. Bd4 Rfd8 21. Qe3 Nc4 22. Qe2 Rac8 23. Kb1 e5 24. Bf2 Bxc3 25. Rxd8+ Qxd8 26. bxc3 Qa5 27. Kc1 Qxc3 0-1

[Event "NB2 Toth Laszlo csoport"]
[Site "Kecskemet"]
[Date "2024.12.01"]
[Round "3.10"]
[White "Lovas, Daniel Dr."]
[Black "Varga, Gabor"]
[Result "0-1"]
[WhiteElo "2011"]
[BlackElo "1998"]
[PlyCount "74"]
[GameId "2119694743011832"]
[EventDate "2024.11.03"]
[EventType "team-tourn"]
[EventRounds "9"]
[EventCountry "HUN"]
[Source "chess.hu"]
[WhiteTeam "Neumann J. Egyetem"]
[BlackTeam "Morahalom"]
[WhiteTeamCountry "HUN"]
[BlackTeamCountry "HUN"]

1. c4 c5 2. Nf3 Nc6 3. Nc3 g6 4. g3 Bg7 5. Bg2 e6 6. O-O Nge7 7. d3 d5 8. cxd5 exd5 9. Rb1 O-O 10. Bf4 Be6 11. Ng5 Bc8 12. Re1 h6 13. Nf3 Be6 14. a3 a6 15. Qc1 Kh7 16. Na4 b6 17. b4 cxb4 18. axb4 Rc8 19. Qa3 g5 20. Be3 d4 21. Bc1 Nd5 22. Nd2 Re8 23. b5 Bf8 24. Qb2 Ncb4 25. bxa6 b5 26. Nb3 bxa4 27. Nxd4 Nc3 28. Nxe6 Rxe6 29. Ra1 Nxd3 30. Qd2 Nxe1 31. Qxd8 Rxd8 32. Bb2 Nxe2+ 33. Kf1 Nxg2 34. Rxa4 Ngf4 35. gxf4 Rd1+ 36. Kg2 Rg1+ 37. Kf3 g4# 0-1

[Event "NB2 Toth Laszlo csoport"]
[Site "Kecskemet"]
[Date "2024.12.01"]
[Round "3.11"]
[White "Farkas, Sandor"]
[Black "Gajdos, Mark"]
[Result "0-1"]
[WhiteElo "1910"]
[BlackElo "1779"]
[PlyCount "138"]
[GameId "2119694773834248"]
[EventDate "2024.11.03"]
[EventType "team-tourn"]
[EventRounds "9"]
[EventCountry "HUN"]
[Source "chess.hu"]
[WhiteTeam "Morahalom"]
[BlackTeam "Neumann J. Egyetem"]
[WhiteTeamCountry "HUN"]
[BlackTeamCountry "HUN"]

1. b3 Nf6 2. Bb2 g6 3. e3 Bg7 4. Nf3 O-O 5. c4 c6 6. Be2 d5 7. O-O b6 8. cxd5 cxd5 9. Qc2 Ba6 10. d3 Nbd7 11. Nc3 e5 12. Rac1 Rc8 13. Qb1 Re8 14. Rfe1 Nc5 15. Rcd1 e4 16. dxe4 Bxe2 17. Rxe2 Ncxe4 18. Nxe4 Nxe4 19. Bxg7 Kxg7 20. Qb2+ Qf6 21. Qxf6+ Nxf6 22. Red2 Rc5 23. Kf1 Rec8 24. Nd4 Ne4 25. Rd3 Nc3 26. R1d2 Ne4 27. Rb2 Rc1+ 28. Ke2 Rg1 29. Kf3 Ng5+ 30. Ke2 Rxg2 31. Nb5 Rc5 32. a4 Rxh2 33. b4 Ne4 34. Kf3 Rc6 35. Rxd5 Nc3 36. Nxc3 Rxc3 37. a5 Rc7 38. a6 Rh4 39. b5 Rhc4 40. e4 Re7 41. e5 h5 42. Re2 Rb4 43. Rc2 Kh6 44. Rc8 Kg5 45. Rcd8 Rc4 46. R8d6 h4 47. Kg2 Kf5 48. e6+ Kf6 49. exf7+ Kxf7 50. Rd7 Rc7 51. Rd8 Re8 52. R8d7+ Rxd7 53. Rxd7+ Re7 54. Rd8 Ke6 55. Rc8 Kd6 56. Rc6+ Kd5 57. Kh3 Rf7 58. Rxg6 Rxf2 59. Rg7 Rb2 60. Rxa7 Rxb5 61. Rh7 Ra5 62. a7 Kc6 63. Kxh4 b5 64. Kg3 Kb6 65. Kf3 Rxa7 66. Rh6+ Ka5 67. Rh8 Re7 68. Ra8+ Kb4 69. Rb8 Kc4 0-1

[Event "NB2 Toth Laszlo csoport"]
[Site "Kecskemet"]
[Date "2024.12.01"]
[Round "3.12"]
[White "Csikai, Zsofia"]
[Black "Milenkovic, Anastazija"]
[Result "1-0"]
[WhiteElo "1641"]
[BlackElo "1673"]
[PlyCount "125"]
[GameId "2119694812090904"]
[EventDate "2024.11.03"]
[EventType "team-tourn"]
[EventRounds "9"]
[EventCountry "HUN"]
[Source "chess.hu"]
[WhiteTeam "Neumann J. Egyetem"]
[BlackTeam "Morahalom"]
[WhiteTeamCountry "HUN"]
[BlackTeamCountry "HUN"]

1. e4 e5 2. Nf3 Nc6 3. Bb5 a5 4. Bxc6 dxc6 5. O-O Bd6 6. d4 Bg4 7. c3 Nf6 8. dxe5 Bxf3 9. Qxf3 Bxe5 10. Qf5 Qd6 11. f4 Qc5+ 12. Kh1 Bd6 13. e5 Be7 14. Nd2 Nd5 15. Nb3 Qc4 16. Bd2 Bc5 17. Nxc5 Qxc5 18. Rae1 Ne7 19. Qg4 Qd5 20. Bc1 h5 21. Qh3 g6 22. Rd1 Qe6 23. Qxe6 fxe6 24. Rf3 Rf8 25. Rfd3 Rc8 26. b3 Nd5 27. g3 Rh8 28. Ba3 h4 29. Kg2 Rd8 30. Kg1 Rd7 31. Bc5 hxg3 32. hxg3 Rdh7 33. Kg2 Rd7 34. c4 Nb6 35. Bxb6 Rxd3 36. Rxd3 cxb6 37. Kf3 Ke7 38. Kg4 Rg8 39. Kg5 Rg7 40. Kh6 Rg8 41. Kh7 Rf8 42. Kg7 Rc8 43. Kxg6 b5 44. c5 Rh8 45. f5 exf5 46. Kxf5 Rh5+ 47. Ke4 Rh2 48. a3 Ke6 49. g4 Rh8 50. g5 Rg8 51. Rg3 Ke7 52. g6 Rg7 53. Rg5 b4 54. a4 Kd7 55. Kf5 Ke7 56. Rh5 Ke8 57. Rh8+ Ke7 58. Rh7 Rxh7 59. gxh7 Ke8 60. h8=Q+ Ke7 61. e6 b5 62. Qg7+ Kd8 63. Qd7# 1-0

[Event "NB2 Toth Laszlo csoport"]
[Site "Bekesszentandras"]
[Date "2024.12.01"]
[Round "3.1"]
[White "Gyori, Szabolcs"]
[Black "Elter, Janos"]
[Result "1/2-1/2"]
[WhiteElo "2105"]
[BlackElo "2150"]
[PlyCount "89"]
[GameId "2119691107204399"]
[EventDate "2024.11.03"]
[EventType "team-tourn"]
[EventRounds "9"]
[EventCountry "HUN"]
[Source "chess.hu"]
[WhiteTeam "Oroshazi SE"]
[BlackTeam "Bekesszentandras-KuTE"]
[WhiteTeamCountry "HUN"]
[BlackTeamCountry "HUN"]

1. d4 Nf6 2. Nf3 d6 3. b3 c6 4. Bb2 Bg4 5. Nbd2 Nbd7 6. h3 Bh5 7. e3 Qc7 8. Be2 Bxf3 9. Nxf3 e5 10. dxe5 dxe5 11. O-O Bc5 12. c4 O-O 13. Qc2 Rfe8 14. Rad1 a5 15. Bc3 Bb4 16. Bb2 g6 17. a3 Bf8 18. Rd2 Bg7 19. b4 c5 20. b5 e4 21. Nh2 Re7 22. Re1 Ne8 23. Nf1 f5 24. Rdd1 Bxb2 25. Qxb2 Qe5 26. Qxe5 Nxe5 27. Rd5 b6 28. Red1 Kf7 29. Nd2 Raa7 30. Nb1 Rad7 31. Nc3 Nf6 32. Rxd7 Rxd7 33. Rxd7+ Nexd7 34. f4 Ke6 35. Kf2 Kd6 36. g4 h6 37. Kg3 Ke6 38. gxf5+ gxf5 39. Bd1 Nf8 40. Na4 N8d7 41. Kh4 Kf7 42. Be2 Kg6 43. Bd1 Kg7 44. Be2 Ne8 45. Nc3 1/2-1/2

[Event "NB2 Toth Laszlo csoport"]
[Site "Bekesszentandras"]
[Date "2024.12.01"]
[Round "3.2"]
[White "Parragi, Istvan"]
[Black "Kunos, Zoltan"]
[Result "1/2-1/2"]
[WhiteElo "1949"]
[BlackElo "2045"]
[PlyCount "154"]
[GameId "2119691144752447"]
[EventDate "2024.11.03"]
[EventType "team-tourn"]
[EventRounds "9"]
[EventCountry "HUN"]
[Source "chess.hu"]
[WhiteTeam "Bekesszentandras-KuTE"]
[BlackTeam "Oroshazi SE"]
[WhiteTeamCountry "HUN"]
[BlackTeamCountry "HUN"]

1. e4 Nf6 2. e5 Nd5 3. Nc3 e6 4. Nxd5 exd5 5. d4 d6 6. exd6 Bxd6 7. Qf3 O-O 8. Be3 Nc6 9. O-O-O Qh4 10. Qxd5 Nb4 11. Nf3 Qe7 12. Qb3 a5 13. a4 Bf5 14. Rd2 b5 15. Bxb5 c6 16. Bc4 Rab8 17. Qc3 Nd5 18. Bxd5 cxd5 19. Qc6 Be4 20. Ne5 Bxe5 21. dxe5 Qxe5 22. Bd4 Qg5 23. Qd6 Rbc8 24. Bc3 Qxg2 25. Re1 Rfe8 26. Qg3 Bf3 27. Rxe8+ Rxe8 28. b3 Qxg3 29. hxg3 Ra8 30. Bd4 f6 31. Rd3 Be4 32. Rc3 Kf7 33. f3 Bf5 34. Rc7+ Kg6 35. g4 Be6 36. Re7 Ra6 37. Kd2 Rc6 38. Ra7 Bc8 39. Rxa5 f5 40. Ra7 fxg4 41. Rxg7+ Kf5 42. fxg4+ Ke4 43. c3 Rh6 44. Re7+ Kf3 45. g5 Rh2+ 46. Kc1 Bf5 47. Re3+ Kg4 48. Bf6 Rc2+ 49. Kd1 Ra2 50. Re2 Ra1+ 51. Kd2 Kf3 52. Re3+ Kf2 53. Re5 Ra2+ 54. Kc1 Be4 55. c4 Rc2+ 56. Kd1 Ra2 57. cxd5 Bc2+ 58. Kc1 Bxb3 59. d6 Rc2+ 60. Kb1 Rd2 61. Be7 Bxa4 62. Ra5 Bd7 63. Kc1 Rd4 64. Kc2 Kf3 65. Kc3 Ke4 66. Ra7 Be6 67. Bf8 Rd5 68. Rg7 Bf5 69. Kc4 Be6 70. Kb4 Bf5 71. Rc7 Ke5 72. Rc5 Rxc5 73. Kxc5 Ke6 74. Kc6 Kf7 75. Be7 Ke8 76. Kd5 Kd7 77. Ke5 Bg6 1/2-1/2

[Event "NB2 Toth Laszlo csoport"]
[Site "Bekesszentandras"]
[Date "2024.12.01"]
[Round "3.3"]
[White "Kakuk, Sandor"]
[Black "Deak, Lajos"]
[Result "1-0"]
[WhiteElo "2018"]
[BlackElo "1905"]
[PlyCount "55"]
[GameId "2119691398901071"]
[EventDate "2024.11.03"]
[EventType "team-tourn"]
[EventRounds "9"]
[EventCountry "HUN"]
[Source "chess.hu"]
[WhiteTeam "Oroshazi SE"]
[BlackTeam "Bekesszentandras-KuTE"]
[WhiteTeamCountry "HUN"]
[BlackTeamCountry "HUN"]

1. e4 d5 2. exd5 Nf6 3. d4 Nxd5 4. c4 Nf6 5. Nc3 g6 6. Nf3 Bg4 7. Be3 Bg7 8. h3 Bf5 9. Bd3 Bxd3 10. Qxd3 O-O 11. O-O Nbd7 12. Rfd1 Nb6 13. b3 c6 14. Rac1 Qc7 15. Qd2 Rad8 16. Bh6 Rfe8 17. Bxg7 Kxg7 18. Qe3 e6 19. Rd2 Nbd7 20. Rcd1 Qa5 21. Ne4 Nxe4 22. Qxe4 Nf6 23. Qe5 Qb4 24. Ng5 Qd6 25. Ne4 Qe7 26. Rd3 Rd5 27. cxd5 cxd5 28. Nxf6 1-0

[Event "NB2 Toth Laszlo csoport"]
[Site "Bekesszentandras"]
[Date "2024.12.01"]
[Round "3.4"]
[White "Hajdu, Istvan"]
[Black "Bacsi, Kristof"]
[Result "1-0"]
[WhiteElo "1903"]
[BlackElo "1938"]
[PlyCount "55"]
[GameId "2119691435965791"]
[EventDate "2024.11.03"]
[EventType "team-tourn"]
[EventRounds "9"]
[EventCountry "HUN"]
[Source "chess.hu"]
[WhiteTeam "Bekesszentandras-KuTE"]
[BlackTeam "Oroshazi SE"]
[WhiteTeamCountry "HUN"]
[BlackTeamCountry "HUN"]

1. e4 e6 2. d4 d5 3. Bd3 dxe4 4. Bxe4 Nd7 5. Ne2 Ngf6 6. Bf3 Bd6 7. O-O O-O 8. g3 e5 9. Bg2 Re8 10. dxe5 Nxe5 11. Nbc3 c6 12. h3 Bf5 13. Bg5 h6 14. Nd4 Bh7 15. Bf4 Qe7 16. Re1 Rad8 17. Qe2 Qc7 18. Be3 Bc5 19. Red1 b5 20. Ne6 Rxe6 21. Rxd8+ Qxd8 22. Bxc5 Nd3 23. Qd2 b4 24. Bxb4 Qb6 25. Ba3 Ne5 26. b3 Qa5 27. Bc1 Be4 28. Nxe4 1-0